02229nam a22002657a 45000010005000000030006000050050017000110080041000280200018000690400029000870820015001161000021001312450302001522600043004543000048004974900042005455050008005875200808005955200409014035210029018125210020018416500035018616500038018967000029019348716FISKH20251013161857.0251013b cb ||||| |||| 00| 0 eng d a9789995099879 aFISKHbkhrcFISKHdFISKH a398.209596 aSotheary, Kimsun aចៅពស់កេងកង :bThe granddaughter of Keng Kang snake / cអ្នកស្រី គឹមស៊ុន សុធារី , គណះកម្មការអំនាន អ្នកនាង វ៉ាត ចរិយា និង កញ្ញា វុិច វឌ្ឍនា aPhnom Penh : bReading Books , c2009. a20 pages : bcolor illustrations ;c25 cm . aពិភពរឿងនិទាន  aL  aប្តីរបស់សូរិយា​ត្រូវបណ្តាសាក្លាយទៅជាថ្ម ចំនែកនាងក៏សំងំសម្រាលកូននៅក្នុងព្រៃតែម្នាក់ឯង ។ តែកូននាងកើតមកមានពស់នៅពេញក្បាល​ ។ នៅក្នុងព្រៃសូរិយាត្រូវបានអាបយកនាងធ្វើជាទាយាទ ។ សំណាងល្អបានចៅពស់កេងកងនិងសត្វសេក​ ជួយសម្លាប់អាបនោះ ក្រាយមកពួកគេក៏រួចផុតពីបណ្តាសា ហើយក៏បានរស់នៅយ៉ាងសុខសាន្ត​៕  aSoriya’s husband was cursed and turned into stone, leaving her alone to give birth in the forest. When her child was born, there was a snake on the top of his head. While living in the forest, Soriya was captured by a sorceress who made her a servant. Luckily, the Snake King's son and a parrot came to help defeat the sorceress. After that, the curse was lifted, and they all lived happily ever after.8 a530 bLexile estimate 8 aL bRaz-Plus  aចៅពស់កេងកង aGranddaughter of Keng Kang snake  aSan, Thai eIllustrator